| 000 | 00428nam a22001577a 4500 | ||
|---|---|---|---|
| 005 | 20251108171245.0 | ||
| 008 | 250721s1984 xx 000 0 ara d | ||
| 082 | 1 | 4 | _aط/745.51/عوا |
| 100 | 1 | _aعلي، عواطف | |
| 245 | 1 | 0 | _aأصنع من الخشب / |
| 264 | 1 |
_aبغداد : _bدار ثقافة الاطفال، _c1984. |
|
| 300 | _aغير مرقم | ||
| 650 | 1 | 7 | _aالخشب |
| 942 |
_2ddc _cBK |
||
| 999 |
_c60620 _d60620 |
||